000 00817nam a22002177a 4500
003 UA-OsUOA
001 99575
007 ta
008 20130513b un ||||| |||| 00| 0 ukr d
100 _aОвсієнко Л.
090 _a81
_bО-34
942 _cSA
040 _aUA-OsUOA
_bukr
_cUA-OsUOA
_dUA-OsUOA
245 _aМетоди навчання лінгвістики тексту в ситемі компетентнісної мовної освіти майбутніх учителів-словесників
300 _aС.27-33
955 _a0
041 _aukr
080 _a81
773 0 _w99573
_tУкраїнська мова і література в школі
_dК.
_d2013
_g2
650 7 _a8 Мовознавство. Художня література. Літературознавство
_2UDC
999 _c385814
_d385814